El primer colegio de America Santa Cruz de Tlatelolco (Record no. 2677)

MARC details
000 -CABECERA
campo de control de longitud fija 01070nam a2200265 a 4500
001 - NÚMERO DE CONTROL
campo de control BRCA_2938
005 - FECHA Y HORA DE LA ÚLTIMA TRANSACCIÓN
campo de control 20190320204033.0
008 - DATOS DE LONGITUD FIJA--INFORMACIÓN GENERAL
campo de control de longitud fija 161208s1944----mx-a---###---#000-0#spa-u
050 #4 - SIGNATURA TOPOGRÁFICA DE LA BIBLIOTECA DEL CONGRESO
Número de clasificación F1386
Número de documento/Ítem .S74 1944
100 1# - ENTRADA PRINCIPAL--NOMBRE DE PERSONA
Nombre de persona Steck, Francisco Borgia
Fechas asociadas al nombre 1884-1962
9 (RLIN) 8170
245 10 - MENCIÓN DE TÍTULO
Título El primer colegio de America Santa Cruz de Tlatelolco
Resto del título con un estudio del codice de Tlatelolco por R. H. Barlow
Mención de responsabilidad, etc. Francisco Borgia Steck ; prólogo Rafael García Granados ; carátula de la portada dibujada por Justino Fernández.
260 ## - PUBLICACIÓN, DISTRIBUCIÓN, ETC.
Lugar de publicación, distribución, etc. México
Nombre del editor, distribuidor, etc. Centro de Estudios Franciscanos
Fecha de publicación, distribución, etc. 1944
300 ## - DESCRIPCIÓN FÍSICA
Extensión 106 p.
Otras características físicas il.
Dimensiones 24 cm.
500 ## - NOTA GENERAL
Nota general B62
610 24 - PUNTO DE ACCESO ADICIONAL DE MATERIA--NOMBRE DE ENTIDAD CORPORATIVA
Nombre de entidad corporativa o nombre de jurisdicción como elemento de entrada Colegio de Santa Cruz de Tlatelolco
9 (RLIN) 8171
650 14 - PUNTO DE ACCESO ADICIONAL DE MATERIA--TÉRMINO DE MATERIA
Término de materia o nombre geográfico como elemento de entrada Indios de México
Subdivisión general Educación
9 (RLIN) 8172
650 14 - PUNTO DE ACCESO ADICIONAL DE MATERIA--TÉRMINO DE MATERIA
Término de materia o nombre geográfico como elemento de entrada Tlatelolco
Subdivisión geográfica México (Ciudad)
9 (RLIN) 8173
650 14 - PUNTO DE ACCESO ADICIONAL DE MATERIA--TÉRMINO DE MATERIA
Término de materia o nombre geográfico como elemento de entrada Códice de Tlatelolco
9 (RLIN) 8174
651 #4 - PUNTO DE ACCESO ADICIONAL DE MATERIA--NOMBRE GEOGRÁFICO
Nombre geográfico México
Subdivisión general Educación
9 (RLIN) 7794
700 1# - PUNTO DE ACCESO ADICIONAL--NOMBRE DE PERSONA
Nombre de persona Barlow, Robert H.
Fechas asociadas al nombre 1918-1951
9 (RLIN) 8175
700 1# - PUNTO DE ACCESO ADICIONAL--NOMBRE DE PERSONA
Nombre de persona Fernández, Justino
Fechas asociadas al nombre 1904-1972
9 (RLIN) 6551
700 1# - PUNTO DE ACCESO ADICIONAL--NOMBRE DE PERSONA
Nombre de persona García Granados, Rafael
Fechas asociadas al nombre 1893-1956
Término indicativo de función/relación prol
9 (RLIN) 8043
902 ## - CATALOGADOR
Iniciales GFM
942 ## - ELEMENTOS DE PUNTO DE ACCESO ADICIONAL (KOHA)
Fuente del sistema de clasificación o colocación Library of Congress Classification
Tipo de ítem Koha Libros
Holdings
Estado de retiro Estado de pérdida Estado dañado No para préstamo Localización permanente Ubicación/localización actual Fecha de adquisición Número de inventario Total de préstamos Signatura topográfica completa Código de barras Fecha visto por última vez Precio válido a partir de Tipo de ítem Koha
El ejemplar forma parte de la colección y puede ser consultado según las políticas vigentes.       Biblioteca del Museo Franz Mayer (Rogerio Casas-Alatriste) Biblioteca del Museo Franz Mayer (Rogerio Casas-Alatriste) 16/12/2008 B62   F1386 .S74 1944 (B62) 2935 22/03/2019 22/03/2019 Libros